000
00365nam a2200169Ia 4500
001
11235
005
20250626030848.0
008
211022s9999 xx 000 0 und d
082
_a
759.1 SHA
100
_a
Shafiq, Muhammad
245
0
_a
Muhammad Shafiq
260
_a
lahore
260
_b
Hamail Art Galleries
260
_c
2003
300
_a
942
_c
ARCH
999
_c
13150
_d
13150